• 首页
  • 本馆介绍
  • 公告通知
  • 最新文献
  • 馆藏检索
  • 电子资源
  • 读者导购
  • 参考咨询
  • 我的图书馆
  • 登录
  • 详细信息显示
  • 放入我的书架
  • 预约/预借图书
  • 作者相关作品
  • 分类相关作品
  • 丛书相关作品
  • 出版社相关作品

书目信息

  • 表格格式
  • 工作单格式
  • 卡片格式
书名: Translation and nation
作者: Roger Ellis and Liz Oakley-Brown编.
分册号:
分册名:
出版地: Beijing :
 
出版社: Foreign Language Teaching and Research Press
出版时间: 2006.
页数: xix, 225 p. ;
开本: 21 cm.
丛书名: 外研社翻译研究文库
中图分类号:
科图分类号:
其他分类号: H059
主题词:
电子资源:
000 01829nam a2200565 a 45
001 E0734009360
003 CAL
005 20070818093303.31
008 061212r20062001cc b 001 0 eng d
020    @a7560059430 :@cCNY25.90.
040    @aNPU@cNPU
043    @ae-uk-en
090    @aH059
093    @aI561.09@24
099    @dH059@ex18:2
245 00 @aTranslation and nation :@btowards a cultural politics of Englishness = 翻译与民族 :英格兰的文化政治 / @cRoger Ellis and Liz Oakley-Brown编.
246 31 @a翻译与民族 :@b英格兰的文化政治
260    @aBeijing :@bForeign Language Teaching and Research Press,@c2006.
300    @axix, 225 p. ;@c21 cm.
440  0 @a外研社翻译研究文库
504    @aIncludes bibliographical references (p. 205-219) and index.
534    @pReprint. Originally published:@cClevedon, UK : Multilingual Matters, c2001.@z1853595179 (pbk.).
650  0 @aTranslating and interpreting@zEngland@xHistory.
650  0 @aNational characteristics, English, in literature.
650  0 @aLanguage and culture@zEngland@xHistory.
650  0 @aEnglish literature@xForeign influences.
650  0 @aLiterature@xTranslations into English@xHistory and criticism.
650  0 @aNationalism in literature.
650  0 @aNationalism@zEngland@xHistory.
700 1  @aOakley-Brown, Liz.
700 1  @aEllis, Roger,@d1943-
920    @a233020@z1
920    @a261030@z2
920    @a212020@z1
920    @a211070@z1
920    @a231010@z2
920    @a231220@z2
920    @a211410@z1
920    @a211030@z2
920    @a211270@z1
920    @a231400@z1
920    @a212010@z1
920    @a244180@z2
920    @a223130@z2
920    @a251010@z1
920    @a221010@z2
920    @a244290@z1
920    @a242030@z2
920    @a215010@z2
998    @aNPU
    
    Translation and nation : : towards a cultural politics of Englishness = 翻译与民族 :英格兰的文化政治 / / Roger Ellis and Liz Oakley-Brown编.-Beijing : : Foreign Language Teaching and Research Press, , 2006.
    xix, 225 p. ; ; 21 cm.- (外研社翻译研究文库)
    Includes bibliographical references (p. 205-219) and index.
    
    ISBN 7560059430 :CNY25.90.
    
●
相关链接 在E读中查询图书 在五车中查询图书 在当当中查询图书 在豆瓣中查询图书


正题名:Translation and nation     索取号:H059/x18:2         预约/预借

序号 登录号 条形码 馆藏地/架位号 状态 备注
1 0016486   300164863   第二样本阅览室/ [索取号:H059/x18:2] 在馆    
2 0016487   300164872   第四借阅区/ [索取号:H059/x18:2] 在馆    
3 0016488   300164881   第四借阅区/ [索取号:H059/x18:2] 在馆    
4 0016489   300164890   第四借阅区/ [索取号:H059/x18:2] 在馆    
5 0016490   300164907   第四借阅区/ [索取号:H059/x18:2] 在馆    
唐山师范学院图书馆 欢迎您!
大连网信软件有限公司© 版权所有